ბათუმის შოთა რუსთაველის სახელმწიფო უნივერსიტეტის ბიბლიოთეკა

Terrorism and homeland security (ბიბ.ჩანაწერი № 51289)

000 -LEADER
fixed length control field 00847nam a2200289Ia 4500
001 - CONTROL NUMBER
control field 18258
003 - CONTROL NUMBER IDENTIFIER
control field GE_BSU
008 - FIXED-LENGTH DATA ELEMENTS--GENERAL INFORMATION
fixed length control field 181216s||||||||xx |||||||||||||| ||und||
020 ## - INTERNATIONAL STANDARD BOOK NUMBER
International Standard Book Number 9781285061962
040 ## - CATALOGING SOURCE
Transcribing agency GE_BSU
080 ## - UNIVERSAL DECIMAL CLASSIFICATION NUMBER
Universal Decimal Classification number 323.28
100 ## - MAIN ENTRY--PERSONAL NAME
Personal name White, Jonathan Randall.
245 ## - TITLE STATEMENT
Title Terrorism and homeland security
245 ## - TITLE STATEMENT
Statement of responsibility, etc. Editor in chief: Linda Ganster
250 ## - EDITION STATEMENT
Edition statement Eighth edition.
260 ## - PUBLICATION, DISTRIBUTION, ETC.
Place of publication, distribution, etc. Belmont
260 ## - PUBLICATION, DISTRIBUTION, ETC.
Name of publisher, distributor, etc. Wadsworth Cengage Learning
260 ## - PUBLICATION, DISTRIBUTION, ETC.
Date of publication, distribution, etc. 2014
300 ## - PHYSICAL DESCRIPTION
Extent 501p. 27cm.
300 ## - PHYSICAL DESCRIPTION
Accompanying material Bibl.:p.452-488, Index.: p.489-501
653 ## - INDEX TERM--UNCONTROLLED
Uncontrolled term Terrorism and homeland security
653 ## - INDEX TERM--UNCONTROLLED
Uncontrolled term ნაციონალური უშიშროება
653 ## - INDEX TERM--UNCONTROLLED
Uncontrolled term სამოქალაქო თავდაცვა
653 ## - INDEX TERM--UNCONTROLLED
Uncontrolled term ტერორიზმი
942 ## - ADDED ENTRY ELEMENTS (KOHA)
Koha item type წიგნი
ეგზემპლარები
Withdrawn status Lost status Damaged status Not for loan Date acquired Barcode Date last seen Price effective from Koha item type
        2018-12-17 46512 2018-12-17 2018-12-17 წიგნი